000
00302 a2200109 4500
001
ART_56449
005
20260410161747.0
008
260409a
245
1
0
_a
Estabilidad y derecho comparado
100
1
_a
Duarte, David
773
0
_t
Doctrina laboral
_g
- N° 442 (jun. 2022)
_w
REV4049
999
_c
19320
_d
19320